Cuadros estadísticos sobre población estudiantil 1987.

Guardado en:
Formato: Libro
Idioma:Spanish
Materias:
Etiquetas: Agregar Etiqueta
Sin Etiquetas, Sea el primero en etiquetar este registro!
LEADER 00510nam a22001695a 4500
001 EEA.libagro005374
005 20180704102018.0
008 130809s1988####ag#a##########000#0#spa#d
082 0 4 |a 378.82 
082 0 4 |a -378.105 
245 1 0 |a Cuadros estadísticos sobre población estudiantil 1987. 
300 |a No paginado :  |b ilus. ;  |c 31 cm. 
653 |a Argentina 
653 |a Instituciones de investigacion 
653 |a EnseÑnza superior 
653 |a Estudiantes 
859 |a AR-BbBCA  |b BIB. AGRONOMIA  |h 378.82  |i B151-5  |p 1996/2674